Une question par pays - Statistiques

Statistiques générales
  • Ce quiz a été pris 207 fois
  • Le résultat moyen est 8 sur 15
Statistiques - réponses
Question Pays concerné Réponse % Correct
Quel est ma deuxième ville la plus peuplée ? France Marseille
100%
Comment se nomme l'île au bout de ma botte ? Italie Sicile
82%
Quel est le nom de mon premier président de la république ? Etats-Unis Washington
82%
Laquelle de mes villes a vu les Beatles émerger ? Royaume Uni Liverpool
76%
Sur combien de fuseaux horaires je m'étale ? Russie 11
71%
Quelle est ma ville la plus peuplée ? Inde Mumbai
68%
Combien d'états me constituaient ? URSS 15
52%
Comment se nomme l'île qui se trouve au Sud de mon île principale ? Australie Tasmanie
52%
Quelle merveille du monde se trouve sur mon territoire ? Jordanie Pétra
49%
Quel était le premier nom de ma ville la plus peuplée ? Turquie Byzance
33%
Laquelle de mes communautés autonome est la plus grande ? Espagne Andalousie
32%
Quel est mon animal national ? Afrique du Sud Springbok
32%
En quelle année ai-je été créé ? Serbie 2006
26%
Quel détroit se trouve a mes côtes Sud ? Singapour Détroit de Malacca
23%
Comment s'appelle ma montage aux couleurs arc en ciel ? Pérou Vinicunca
2%
Aucun quiz correspondant
Distribution des résultats
% des personnes avec chaque résultat
Percentile par nombre de réponses
Votre historique - résultats
Vous n’avez pas pris ce quiz